000 00561nam a2200169Ia 4500
008 090711s9999 xx 000 0 und d
082 _b435
100 _aसडेकर रामSांद्र
245 _aकुरू क्षेत्र
260 _bमनोरमा प्रकाशन
_c2000
300 _a584
600 _aसडेकर रामSांद्र
630 _aकुरू क्षेत्र
700 _aसडेकर रामSांद्र
730 _aकुरू क्षेत्र
942 _cBOOK
999 _c337415
_d337415